Statystyki dla Wszyscy Władcy Szkocji

Kliknij tutaj aby rozwiązać quiz!

Ogólne statystyki

  • Ten quiz został rozwiązany 5 razy
  • Średni wynik to 21 z 42

Statystyki odpowiedzi

Lata PanowaniaOdpowiedź% Poprawnych
1625-1649Karol I
100%
1649-1651, 1660-1685Karol II
100%
1702-1707Anna
80%
1124-1153Dawid I
80%
1329-1371Dawid II
80%
1406-1437Jakub I
80%
1437-1460Jakub II
80%
1460-1488Jakub III
80%
1488-1513Jakub IV
80%
1513-1542Jakub V
80%
1567-1625Jakub VI
80%
1306-1329Robert I
80%
1371-1390Robert II
80%
1390-1406Robert III
80%
1034-1040Duncan
60%
1685-1688Jakub VII
60%
943-954Malcolm I
60%
1005-1034Malcolm II
60%
1058-1093Malcolm III
60%
1153-1165Malcolm IV
60%
1542-1567Maria I
60%
1689-1694Maria II
60%
1107-1124Aleksander I
40%
1094-1097Donald III
40%
1093-1094Donald III
40%
1094Duncan II
40%
900-943Konstantyn II
40%
995-997Konstantyn III
40%
1040-1057Makbet
40%
1694-1702Wilhelm III
40%
1214-1249Aleksander II
20%
1249-1286Aleksander III
20%
967-971Cuilen
20%
962-967Dub
20%
1097-1107Edgar
20%
954-962Indulf
20%
971-995Kenneth II
20%
997-1005Kenneth III
20%
1057-1058Lulach
20%
1292-1296Jan Balliol
0%
1286-1290Małgorzata
0%
1165-1214Wilhelm I Lew
0%

Rozkład punktacji

Percentyl według liczby udzielonych odpowiedzi

Procent ludzi z każdym wynikiem

Twoja historia wyników

Nie rozwiązałeś tego quizu